|
|
|
|
| LEADER |
00000nam a2200000 4500 |
| 001 |
vtls011744415 |
| 003 |
SK-MaSNL |
| 005 |
20260302021039.0 |
| 008 |
201207s2017 xr ac e 000 0 cze |
| 015 |
|
|
|a SNBZSA2018/04
|
| 020 |
|
|
|a 9788087624524
|q (brožované)
|
| 035 |
|
|
|a 378C4291-AAE7-4694-AA2A-593C4148A0F5
|
| 035 |
|
|
|a urn:nbn:sk:snk-am3iavg
|
| 035 |
|
|
|a urn:nbn:sk:snk-am00dgri
|
| 040 |
|
|
|a SNK
|b slo
|c SNK
|e rda
|
| 041 |
1 |
|
|a cze
|
| 044 |
|
|
|a xr
|c CZ
|
| 072 |
|
7 |
|a 00
|x Veda. Všeobecnosti. Základy vedy a kultúry. Vedecká práca
|2 konspekt
|
| 080 |
|
|
|a 001.94
|2 2011
|
| 080 |
|
|
|a 573.5
|2 2011
|
| 080 |
|
|
|a 272/273
|2 2011
|
| 080 |
|
|
|a (0.062)
|2 2011
|
| 100 |
1 |
|
|a Jesenský, Miloš,
|d 1971-
|4 aut
|9 115657
|
| 240 |
1 |
0 |
|a Ďaleká misia
|l Česky
|
| 245 |
1 |
0 |
|a Daleká misie
|b vatikánské archivy ukrývají jasné instrukce ke komunikaci s mimozemšťany: Budeme evangelizovat!
|c Miloš Jesenský ; ze slovenského originálu Ďaleká misia přeložily Jana Mészárosová a Lenka Stránská
|
| 246 |
3 |
|
|a Vatikánské archivy ukrývají jasné instrukce ke komunikaci s mimozemšťany
|
| 250 |
|
|
|a Vydání první
|
| 264 |
|
1 |
|a V Ústí nad Labem
|b AOS Publishing
|c 2017
|
| 300 |
|
|
|a 260 strán
|b ilustrácie, portréty
|c 21 cm
|
| 336 |
|
|
|a text
|b txt
|2 rdacontent
|
| 337 |
|
|
|a bez média
|b n
|2 rdamedia
|
| 338 |
|
|
|a zväzok
|b nc
|2 rdacarrier
|
| 500 |
|
|
|a Údaje o podnázve uvedené na obálke
|
| 504 |
|
|
|a Bibliografické odkazy ; bibliografické odkazy
|
| 650 |
0 |
7 |
|a mimozemské civilizácie
|2 SNKPH
|9 1368
|
| 650 |
0 |
7 |
|a Human-alien encounters
|2 SNKPHeng
|9 286159
|
| 650 |
0 |
7 |
|a astrobiológia
|2 SNKPH
|9 82330
|
| 650 |
0 |
7 |
|a Exobiology
|2 SNKPHeng
|9 501494
|
| 650 |
0 |
7 |
|a katolícke cirkvi
|2 SNKPH
|9 90971
|
| 650 |
0 |
7 |
|a Roman Catholic Church
|2 SNKPHeng
|9 268674
|
| 655 |
|
7 |
|a populárno-náučné publikácie
|2 SNKPH
|9 70460
|
| 655 |
|
7 |
|a Popular works
|2 SNKPHeng
|9 90287
|
| 700 |
1 |
|
|a Mészárosová, Jana,
|d 1967-
|4 trl
|9 664836
|
| 700 |
1 |
|
|a Stránská, Lenka,
|d 1958-
|4 trl
|9 664837
|
| 919 |
|
|
|a 978-80-87624-52-4
|
| 958 |
|
|
|a ZS
|
| 958 |
|
|
|a NB
|
| 999 |
|
|
|c 1027269
|d 1029199
|
| 952 |
|
|
|a SNK
|b SNK
|y PREZ
|7 0
|p 17A1321974
|o snkSC 178597
|i snk2018/5882
|8 4
|g 9.84
|0 0
|1 0
|4 0
|d 2018-03-02
|f 1
|l 0
|r 2025-09-19 00:00:00
|w 2026-02-24
|